Welcome to the official Sarawak Skills Library system. If you are a new user, please contact our librarian to register.

Medical-Surgical Nursing : Clinical Management For Positive Outcomes (Record no. 8990)

MARC details
000 -LEADER
fixed length control field 00492nam a2200169Ia 4500
008 - FIXED-LENGTH DATA ELEMENTS--GENERAL INFORMATION
fixed length control field 241127s9999||||xx |||||||||||||| ||und||
020 ## - INTERNATIONAL STANDARD BOOK NUMBER
International Standard Book Number 9780721602202
Terms of availability 396396
040 ## - CATALOGING SOURCE
Language of cataloging eng
Transcribing agency SSK Library
Description conventions rda
082 ## - DEWEY DECIMAL CLASSIFICATION NUMBER
Classification number 610.73/MED
003 - CONTROL NUMBER IDENTIFIER
control field OSt
005 - DATE AND TIME OF LATEST TRANSACTION
control field 20241127152755.0
100 ## - MAIN ENTRY--PERSONAL NAME
Personal name Joyce M. Black & Jane Hokanson Hawks -
245 #0 - TITLE STATEMENT
Title Medical-Surgical Nursing : Clinical Management For Positive Outcomes
250 ## - EDITION STATEMENT
Edition statement 7th ed
260 ## - PUBLICATION, DISTRIBUTION, ETC.
Name of publisher, distributor, etc. Elsevier Saunders
Date of publication, distribution, etc. ©2005
942 ## - ADDED ENTRY ELEMENTS (KOHA)
Source of classification or shelving scheme
Koha item type Book
Suppress in OPAC
Holdings
Withdrawn status Lost status Damaged status Not for loan Home library Current library Date acquired Total checkouts Full call number Barcode Date last seen Copy number Price effective from Koha item type
        Sarawak Skills Kuching Library Sarawak Skills Kuching Library 11/27/2024   610.73/MED 1001087 11/27/2024 6 11/27/2024 Book